|
|
|
|
| LEADER |
01594nam a2200313 a 4500 |
| 001 |
194800 |
| 003 |
BD-DhAAL |
| 008 |
090628s1997 bg ab bc 101 0 eng d |
| 999 |
|
|
|c 1735
|d 1735
|
| 010 |
|
|
|a \\\98909890
|
| 020 |
|
|
|z 9843003114
|
| 040 |
|
|
|a DLC
|c DLC
|d BD-DhAAL
|
| 082 |
0 |
4 |
|a 720.95492
|2 21
|
| 245 |
0 |
0 |
|a Pundranagar to Sherebanglanagar :
|b architecture in Bangladesh /
|c edited by Saif Ul Haque, Raziul Ahsan, and Kazi Khaleed Ashraf.
|
| 250 |
|
|
|a 1st ed.
|
| 260 |
|
|
|a Dhaka :
|b Chetana Sthapatya Unnoyon Society,
|c 1997.
|
| 300 |
|
|
|a 206 pages :
|b illustrations (some col.), maps ;
|c 27 cm.
|
| 504 |
|
|
|a Includes bibliographical references (p. 202-203) and index.
|
| 526 |
|
|
|a ARC
|
| 541 |
1 |
|
|a Complimentary copy
|e 00008434, 35160
|
| 650 |
|
0 |
|a Architecture
|z Bangladesh
|v Designs and plans
|v Exhibitions.
|9 32679
|
| 700 |
1 |
|
|a Haque, Saif Ul.
|9 32680
|
| 700 |
1 |
|
|a Ahsan, Raziul.
|9 32681
|
| 700 |
1 |
|
|a Ashraf, Kazi Khaleed.
|9 32682
|
| 710 |
2 |
|
|a Chetana Sthapadya Unnoyon Society.
|9 32683
|
| 852 |
4 |
|
|a Ayesha Abed Library
|j General shelf
|
| 942 |
|
|
|2 ddc
|c BK
|
| 952 |
|
|
|0 0
|1 0
|2 ddc
|4 0
|6 720_954920000000000_PUN
|7 0
|9 1589
|a BRACUL
|b BRACUL
|c GEN
|d 2009-06-28
|g 0.00
|l 13
|m 98
|o 720.95492 PUN
|p 3010008434
|r 2025-11-19
|s 2025-03-19
|t 1
|w 2009-06-28
|y BK
|x No price found in the accession register.
|
| 952 |
|
|
|0 0
|1 1
|2 ddc
|4 0
|6 720_954920000000000_PUN
|7 0
|9 66083
|a ARC
|b ARC
|c GEN
|d 2019-08-28
|e Complimentary Copy
|l 0
|o 720.95492 PUN
|p 3010035160
|r 2019-08-28
|t 2
|w 2019-08-28
|y BK
|x lost from the ARC department library and approved by the Dean (reasons personal books withdrawn by Hasibul Kabir Sir and Building shifting)
|